| 000 | 00447nam a2200157Ia 4500 | ||
|---|---|---|---|
| 999 |
_c34783 _d34783 |
||
| 003 | OSt | ||
| 005 | 20200205150651.0 | ||
| 008 | 190216s9999||||xx |||||||||||||| ||und|| | ||
| 040 | _coclc | ||
| 082 |
_a342 _bKAP/S |
||
| 100 |
_aKapur, Anup Chand _91705 |
||
| 245 | 0 |
_aSelect Constitutions / _cAnup Chand Kapur |
|
| 260 |
_bS Chand And Company, _c1970. _aDelhi: |
||
| 300 | _a404p | ||
| 942 |
_cBK _2ddc _h342 _iKAP/S _k342 _mKAP/S |
||